000 00472nam a2200181Ia 4500
001 9847
005 20260306161748.0
008 260306t2017||||xx |||||||||||||| ||spa||
041 _aESP
082 _a468
_bR75
100 _aRodríguez Barrios, Sofía
_eAUT
245 0 _aManual de corrección de textos:
_btécnicas, consejos y apuntes de clases
260 _c2017
300 _a246 páginas :
_c24 cm.
650 _aGEN
654 _aCHU
942 _cLIB
_dJUS
_fJUS
_2ddc
_n
999 _c9847
_d9847